[Event "Rheinhausen op 6th"]
[Site "Rheinhausen"]
[Date "2002.02.01"]
[Round "3"]
[White "Herbst, Bernhard"]
[Black "Modlinski, Norbert"]
[Result "1-0"]
[WhiteElo "1851"]
[BlackElo "1743"]
[PlyCount "75"]
[EventDate "2002.03.??"]
[EventType "swiss"]
[EventRounds "5"]
[EventCountry "GER"]
[SourceTitle "EXT 2008"]
[Source "ChessBase"]
[SourceDate "2007.11.25"]
[SourceVersion "1"]
[SourceVersionDate "2007.11.25"]
[SourceQuality "1"]

1. e4 e5 2. Nf3 Nf6 3. d4 Nxe4 4. Bd3 d5 5. Nxe5 Be7 6. 0-0 0-0 7. c4 Nf6 8. cxd5 Nxd5 9. Nc3 Be6 10. Qf3 c6 11. a3 Nd7 12. Nxd5 Bxd5 13. Bxh7+ Kh8 14. Qh3 Nf6 15. Bc2+ Kg8 16. Bg5 Ne4 17. Bxe7 Qxe7 18. Rfe1 Ng5 19. Qh5 g6 20. Qh6 Qf6 21. Nd7 Qf4 22. Kh1 Bxg2+ 23. Kxg2 Qf3+ 24. Kf1 Nh3 25. Nf6+ Qxf6 26. Qxh3 Qxd4 27. Qc3 Qd5 28. Be4 Qh5 29. Re3 Rfe8 30. Rh3 Qe5 31. Qxe5 Rxe5 32. Re3 Rd8 33. Ke2 Rb5 34. b3 Rc5 35. Rd1 Rxd1 36. Kxd1 f5 37. Bd3 Kf7 38. b4 1-0